MARC

LEADER 00000nam0a2200000 4500
001 274726
005 20231031230415.0
020 |a RU  |b 85-85783 
035 |a (RuTPU)RU\TPU\book\297936 
090 |a 274726 
100 |a 20141107d1985 m y0rusy5003 ca 
101 0 |a rus 
102 |a RU 
105 |a a z 000zy 
200 1 |a Сборка строительных металлических конструкций  |f В. Б. Якубовский 
210 |a Москва  |c Стройиздат  |d 1985 
215 |a 141 с.  |c ил. 
225 1 |a Повышение мастерства рабочих строительства и промышленности строительных материалов 
606 1 |a Металлические конструкции  |2 stltpush  |3 (RuTPU)RU\TPU\subj\42320 
610 1 |a сборка 
610 1 |a стали 
610 1 |a оснастка 
610 1 |a приспособления 
610 1 |a допуски 
610 1 |a технические измерения 
610 1 |a сварные конструкции 
610 1 |a организация труда 
610 1 |a техника безопасности 
610 1 |a требования 
675 |a 693.8  |z rus  |v 4 
700 1 |a Якубовский  |b В. Б.  |g Владлен Борисович  |4 070 
801 0 |a RU  |b RuMRKP  |c 19950704  |g psbo 
801 1 |a RU  |b 63413507  |c 20141107 
801 2 |a RU  |b 63413507  |c 20170120  |g RCR 
942 |c BK